Aprendizaje por descubrimiento; evaluación crítica /

Guardado en:
Autor Principal: Shulman, Lee S.
Formato: Libro
Publicado: México : Trillas, 1979
Materias:
Etiquetas: Agregar Etiqueta
Sin Etiquetas, Sea el primero en etiquetar este registro!
LEADER 00615nam a22001695a 4500
001 CEM.cems005979
005 20060214000000.0
008 130507s1979##################000#0#####d
003 CEMS
082 0 4 |a 371.36 
100 1 |a Shulman, Lee S. 
245 1 0 |a Aprendizaje por descubrimiento; evaluación crítica / 
260 |a México :  |b Trillas,  |c 1979 
300 |a 251 p. 
505 0 |a El problema.- La investigaci¢n.-Los planes de estudio.-Penetraciónes psicol¢gicas.-An lisis del desarrollo y perspectivas de la reunion.- 
653 |a Formas de enseñanza 
859 |a CEMS  |b BIB. CEMS - 11 de abril  |h 371.36  |i Sh92  |p 13308.85  |t Ej.1